Slovak Republic energy policy review 2005

Salvato in:
Dettagli Bibliografici
Ente Autore: OECD. International Energy Agency
Natura: Libro
Lingua:inglese
Pubblicazione: Paris OECD 2006
Soggetti:
Tags: Aggiungi Tag
Nessun Tag, puoi essere il primo ad aggiungerne!!

MARC

LEADER 00000nam$a2200000$$$4500
001 0051825
005 20240315121233.2
020 |a 92-64-10965-X 
041 0 |a eng 
044 |a FR 
245 1 0 |a Slovak Republic  |b energy policy review 2005 
264 1 |a Paris  |b OECD  |c 2006 
300 |a 245 s. 
610 2 0 |a Slovensko 
610 2 0 |a energetika 
610 2 0 |a energia 
610 2 0 |a trh energetický 
610 2 0 |a hospodárstvo energetické 
610 2 0 |a zdroje energetické 
610 2 0 |a využitie energie 
710 2 |a OECD. International Energy Agency